000 00561cam a22002291 4500
001 sa 64002065
003 DLC
005 20260227112007.0
008 891017s1962 ii 000 0 tamo
010 _asa 64002065
035 _a(OCoLC)20503507
040 _aDLC
_cWaU
_dDLC
042 _apremarc
043 _aa-ii---
050 0 0 _aPL4758.4
_b.C4
100 0 _aCentur̲aimuttu.
245 1 0 _aIlakkiyattil kaṭitaṅkaḷ.
260 _c[1962]
300 _a129 p.
_c19 cm.
500 _aIn Tamil.
650 0 _aTamil letters
_xHistory and criticism.
999 _c57147
_d57147